Κατάλογος Βιβλιοθηκών Mediterranean College

The Sport and Exercise Scientist / The BASES Expert Statement on Psychological Considerations for Injury Risk Reduction in Competitive Sport (Record no. 9194)

MARC details
000 -LEADER
fixed length control field 01218cam a22001934a 4500
005 - ΗΜΕΡΟΜΗΝΙΑ ΚΑΙ ΩΡΑ ΤΕΛΕΥΤΑΙΑΣ ΕΝΗΜΕΡΩΣΗΣ
Πεδίο ελέγχου 20250605164355.0
008 - FIXED-LENGTH DATA ELEMENTS--GENERAL INFORMATION
Πεδίο ελέγχου σταθερού μήκους 250528s ||||||||||||||||||||||||d
035 ## - SYSTEM CONTROL NUMBER
System control number 24304
040 ## - ΠΗΓΗ ΚΑΤΑΛΟΓΟΓΡΑΦΗΣΗΣ
Φορέας πρωτότυπης καταλογογράφησης MC Athens Campus Library
Γλώσσα καταλογογράφησης Ελληνικά, Μοντέρνα (1453-)
Modifying agency MC Athens Campus Library
Κανόνες περιγραφικής καταλογογράφησης AACR2
245 1# - ΤΙΤΛΟΣ ΚΑΙ ΔΗΛΩΣΗ ΥΠΕΥΘΥΝΟΤΗΤΑΣ
Τίτλος The Sport and Exercise Scientist / The BASES Expert Statement on Psychological Considerations for Injury Risk Reduction in Competitive Sport
260 ## - PUBLICATION, DISTRIBUTION, ETC.
Date of publication, distribution, etc. 2021
300 ## - PHYSICAL DESCRIPTION
Extent 31
520 ## - SUMMARY, ETC.
Summary, etc. The BASES Expert Statement on Psychological Considerations for In Jury Risk Reduction in Competitive Sport, An Interview with Professor Wendy Hardeman, Is It Time to Retire the 'Elite' Jersey, The Climate Change Emergency: A Commitment and Call for Action from the BASES Board, The BASES Annual Conference Programme, Isolated Protein Hydrolysate Supplementation for Skeletal Muscle Adaptation: A Platform for Future Research, Breast Biomechanics: From Research to Enterprise and to Industry and Consumer, Green and Blue Spaces Facilitate Activity and Improve Health: An Evidence Informed Call for Equitable Nature Access in Post-Pandemic Life.
700 1# - ΠΡΟΣΘΕΤΗ ΑΝΑΓΡΑΦΗ--ΦΥΣΙΚΟ ΠΡΟΣΩΠΟ
Personal name Gledhill Adam
9 (RLIN) 9449
710 2# - ΠΡΟΣΘΕΤΗ ΑΝΑΓΡΑΦΗ--ΣΥΛΛΟΓΙΚΟ ΟΡΓΑΝΟ
Corporate name or jurisdiction name as entry element BASES Conference
9 (RLIN) 9836
942 ## - ADDED ENTRY ELEMENTS (KOHA)
Koha item type Περιοδικά Δημοσιεύματα
Holdings
Τύπος τεκμηρίου Βιβλιοθήκη Τρέχουσα τοποθεσία Barcode Ημερομηνία απόκτησης Ταξιθετικό σύμβολο Αριθμός αντιτύπου Κατάσταση απόσυρσης Κατάσταση χαμένου Κατάσταση κατεστραμμένου Μη δανεισμός Σύνολο δανεισμών Ημερομηνία τελευταίας εμφάνισης Η τιμή ισχύει από
Περιοδικά Δημοσιεύματα MC Athens Campus Library MC Athens Campus Library 9780000091932 05/06/2025 SPORT & EXERCISE SCIENTIST 1           05/06/2025 05/06/2025

MC Athens Campus Library
Πατησίων 94 & Κοδριγκτώνος 13, 104 34
Πελλήνης 8 & Πατησίων 107, 112 51
Τ: +30 210 8899600

MC Thessaloniki Campus Library
Ίωνος Δραγούμη 21, 54625 | Ίωνος Δραγούμη 15, 54625
Τ: +30 2310 287779 – Τ: +30 2314 440300